Statistics for Unesco World Heritage Site top Countries

Click here to take the quiz!

General Stats

  • This quiz has been taken 263 times
  • The average score is 22 of 26

Answer Stats

HintAnswer% Correct
47China
98%
39France
97%
50Italy
97%
22USA
97%
44Spain
96%
28UK
95%
39Germany
93%
26Russia
93%
19Brazil
92%
32India
92%
32Mexico
92%
18Japan
91%
17Greece
87%
19Australia
86%
17Canada
86%
13Turkey
83%
14Poland
80%
15Portugal
80%
15Sweden
74%
17Iran
73%
10Netherlands
70%
11Belgium
68%
12Peru
68%
11Switzerland
68%
11South Korea
61%
12Czech Republic
39%

Score Distribution

Percentile by Number Answered

Percent of People with Each Score

Your Score History

You have not taken this quiz